El diseño industrial de la A a la Z
Salvato in:
| Autori principali: | , |
|---|---|
| Natura: | Libro |
| Lingua: | spagnolo |
| Pubblicazione: |
Colonia
Taschen
2000
|
| Soggetti: | |
| Tags: |
Aggiungi Tag
Nessun Tag, puoi essere il primo ad aggiungerne!!
|
MARC
| LEADER | 00000nam a2200000 a 4500 | ||
|---|---|---|---|
| 001 | UCM2504 | ||
| 003 | CL-VaPUC | ||
| 008 | 020607e20000000GW |||||||||||||||||spa|d | ||
| 082 | 0 | 4 | |a 745.2 |b FIE |2 21 |
| 100 | 0 | |a Fiell, Charlotte |e author |9 469284 | |
| 700 | 0 | |a Fiell, Peter |e author |9 469285 | |
| 245 | 1 | 3 | |a El diseño industrial de la A a la Z |
| 300 | |a 768 p | ||
| 942 | |c BK | ||
| 945 | |d 20020607 00:00:00 |a cmena | ||
| 260 | |a Colonia |b Taschen |c 2000 | ||
| 650 | 0 | |a Diseño industrial |9 262726 | |
| 650 | 0 | |a Historia del diseño industrial |9 469286 | |
| 650 | 0 | |a Productos industriales |9 351544 | |
| 583 | |a last modification |c 20121120 11:39:25 |k Rodrigo Vera | ||
| 999 | |c 300342 |d 300340 | ||
| 952 | |0 0 |1 0 |4 0 |6 745_200000000000000_FIE_2000 |7 0 |8 A |9 358001 |a BIBARQ |b BIBARQ |d 2019-11-21 |i 3816702 |l 2 |o 745.2 FIE 2000 |p 3816702 |r 2025-01-20 |s 2024-04-05 |w 2019-11-21 |y BK |k ARQ | ||